| 000 | 00786nam a22002177a 4500 | ||
|---|---|---|---|
| 999 |
_c752 _d752 |
||
| 003 | AR-CdUCM | ||
| 008 | 190225b ||||| |||| 00| 0 spa d | ||
| 040 |
_aMUNICIPALIDAD PROVINCIAL DEL CUSCO _cBIBLIOTECA MUNICIPAL DEL CUSCO |
||
| 082 |
_a923 / _bD218 |
||
| 100 |
_aDaridan, Jean _92884 |
||
| 245 |
_aAbraham Lincoln / _cJean Daridan |
||
| 260 |
_aArgentina : _bLa Técnica Impresora S. A. C. I. ; _c1965. |
||
| 300 |
_a302 páginas. : _bfotografías, mapas; _c17cm. |
||
| 505 | _aContenido: El joven pobre -- Un oscuro parlamento -- Hacia la presidencia ... | ||
| 650 |
_aPoder Norteamericano _92885 |
||
| 650 |
_aPolitica estadounidense _92886 |
||
| 650 |
_aEstado Norteamericano _92887 |
||
| 650 |
_aNación Norteamericana _92888 |
||
| 942 |
_2ddc _cLIBROS |
||
| 945 |
_anom _d2019-02-25 |
||